LEADER 00927nam a2200265 i 4500 001 991000653369707536 008 100324s2008 fr b 001 0 fre 020 $a9782275032474 035 $ab13890566-39ule_inst 040 $aDip.to Studi Giuridici$bita 082 0 $a346.02 100 1 $aViney, Genevieve$0263368 245 10$aIntroduction a la responsabilite /$cGenevieve Viney 250 $a3e ed 260 $aParis :$bLGDJ,$c2008 300 $aviii, 693 p. ;$c23 cm 440 0$aTraité de droit civil 504 $aInclude riferimenti bibliografici e indice 650 4$aTorti$zFrancia 907 $a.b13890566$b02-04-14$c24-03-10 912 $a991000653369707536 945 $aLE027 346.02 VIN02.01$g1$i2027000240142$lle027$o-$pE54.00$q-$rl$s- $t0$u1$v12$w1$x0$y.i15132730$z21-05-10 996 $aIntroduction a la responsabilite$9224821 997 $aUNISALENTO 998 $ale027$b24-03-10$cm$da $e-$ffre$gfr $h0$i0